| 000 | 00371nam a22001337a 4500 | ||
|---|---|---|---|
| 020 | _a81-7335-0280-0 | ||
| 082 |
_a000 _bSAH/I |
||
| 100 | _aREETA SAHOO | ||
| 245 |
_aSARASWATI INFORMATICS PRACTICES _bPRACTICALS AND PROJECTS FOR CLASS XI |
||
| 260 |
_aDELHI _bSARASWATI PUBLICATIONS |
||
| 300 | _a138 | ||
| 650 |
_aIP PRACTICALS AND PROJECTS FOR CLASS XI _zINDIA |
||
| 942 | _cBK | ||
| 999 |
_c567 _d567 |
||